Charaktere in Filmen #05 - Statistiken

Allgemein
  • Dieses Quiz wurde 202 mal gespielt
  • Das Durchschnittsergebnis liegt bei 7 aus 25
Antwortstatistiken
Hint Antwort % Korrekt
Lara Croft Tomb Raider
90%
Christopher Robin Winnie Puh
74%
James "Logan" Howlett Wolverine: Weg des Kriegers
53%
Amélie Poulain Die fabelhafte Welt der Amélie
52%
Prinzessin Shuri Black Panther
41%
Dr. Henry Walton Jones Jr. Indiana Jones
41%
Quintus Arrius Ben Hur
40%
Drizella Cinderella
37%
Königin Elisabeth The King’s Speech
34%
John Coffey The Green Mile
33%
Owen Grady Jurassic World
29%
Herodes Antipas Die Passion Christi
27%
Mary Boleyn Die Schwester der Königin
26%
Ludovic Cruchot Der Gendarm von St. Tropez
20%
Gerstenmann Butterblum Der Herr der Ringe
19%
Der müde Joe Die rechte und die linke Hand des Teufels
19%
Sam Hawkens Winnetou
17%
Chuck Noland Cast Away– Verschollen
16%
William von Baskerville Der Name der Rose
14%
Lotney „Sloth“ Fratelli Die Goonies
14%
Gertie Taylor E.T. – Der Außerirdische
14%
Mina Murray Bram Stoker’s Dracula
11%
Mira Killian Ghost in the Shell
9%
Elias Alder Schlafes Bruder
9%
Schwester Helen Prejean Dead Man Walking – Sein letzter Gang
7%
Keine übereinstimmenden Quizze gefunden
Verteilung der Resultate
Anzahl Personen mit jedem Resultat
Perzentil nach korrekt beantworteten Fragen
Ihre Resultats-Entwicklung
Sie haben dieses Quiz noch nicht gespielt